Statistiken für Deutschsprachige Schauspieler*innen

Klicken Sie hier um das Quiz zu spielen!

Allgemein

  • Dieses Quiz wurde 293 mal gespielt
  • Das Durchschnittsergebnis liegt bei 11 aus 20

Antwortstatistiken

Antwort% Korrekt
Till Schweiger
97%
Matthias Schweighöfer
90%
Elyas M'Barek
88%
Jan Joseph Liefers
72%
Moritz Bleibtreu
71%
Romy Schneider
67%
Christoph Waltz
65%
Nora Tschirner
65%
Veronika Ferres
54%
Daniel Brühl
53%
Axel Prahl
50%
Götz George
42%
Karoline Herfurt
41%
Hannelore Elsner
39%
Marlene Dietrich
39%
Josefine Preuß
29%
Frederick Lau
25%
Ulrike Folkerts
25%
Sibel Kekilli
22%
Emilia Schüle
21%

Verteilung der Resultate

Perzentil nach korrekt beantworteten Fragen

Anzahl Personen mit jedem Resultat

Ihre Resultats-Entwicklung

Sie haben dieses Quiz noch nicht gespielt